Normal view MARC view

Entry Personal Name

Number of records used in: 1

001 - CONTROL NUMBER

  • control field: 1019

003 - CONTROL NUMBER IDENTIFIER

  • control field: PK-NaQUE

005 - DATE AND TIME OF LATEST TRANSACTION

  • control field: 20260629114334.0

008 - FIXED-LENGTH DATA ELEMENTS

  • fixed length control field: 260629|| aca||aabn | a|a d

040 ## - CATALOGING SOURCE

  • Original cataloging agency: PK-NaQUE
  • Transcribing agency: PK-NaQUE

100 ## - HEADING--PERSONAL NAME

  • Personal name: Shahzoor Ali Brohi
  • Personal name: 21-19MSIT-07
  • Personal name: Supervisor - Dr. Mehwish Leghari

670 ## - SOURCE DATA FOUND

  • Source citation: Work cat.: (PK-NaQUE)69077: Shahzoor Ali Brohi 21-19MSIT-07 Supervisor - Dr. Mehwish Leghari, Comparative Analysis of Techniques for Bug Detection in Software Traceability ( Thesis MS), 2024